000 00855nas a2200265 4500
001 BR9406543
003 BR-BrBNA
005 20231205093800.0
007 ta
008 230509b bl.|||p| |||| 00| 00por d
040 _aBR-BrBNA
_bpor
_cBiblioteca Nacional de Agricultura
041 _a(Pt)
072 _aF02
100 1 _aSchuch, M.W.
100 1 _aPeters, J.A.
245 1 _aMultiplicacao in vitro de brotacoes de macieira; cultivares Marubakaido (Malus prunifolia, Willd, Borkh)e Megumi (Malus domestica, Borkh)
650 _aMaca
650 _aPorta Enxerto
650 _aCultura in Vitro
650 _aMeristema
650 _aPropagacao Vegetativa
773 0 _tPesquisa Agropecuaria Brasileira (Brazil)
_xISSN 0100-204X
_g(Apr 1993), v. 28(4) p. 433-437
_wBR9406543
909 _a202311
_bLúcia
_c55
_dLúcia Elande
942 _2AGRIS
_n0
_cANA
999 _c140375
_d140375